000 00504nam a2200181Ia 4500
005 20250326125953.0
008 250326s9999 xx 000 0 und d
037 _aTextbook
040 _aFMSL
_beng
_cFMSL
041 _aeng
_2eng
084 _aX:545 N2
_qFMSL
100 _aGovt. OF India
245 0 _aReport of the import & export policy committee
_cGovt. OF India
260 _aDelhi
_bDelhi, Division
_c1962
300 _a111p
942 _cTB
_hX:545 N2
999 _c1280388
_d1280388